000 01730nam a2200445 a 4500
001 vtls000049662
003 NLI
005 20210601185756.0
008 101125s1963 ii f000 0 eng
039 9 _y201011250450
_zVLOAD
040 0 _aNLI
_beng
_cVERGIS-2003
041 0 _aeng
044 _aii
082 0 4 _a312
110 1 _aIndia.
_bMinistry of Home Affairs.
_bOffice of the Registrar General and Census Commissioner
240 1 0 _a[Census of India, 1961]
245 1 2 _aA monograph on Byrlutigudom, 1965, pt.6, no.33:
_bvol.2, Andhra Pradesh/
_cSuperintendent of Census Operations, Govt of Andhra Pradesh
260 _aDelhi:
_bThe Manager of Publications,
_c1963
300 _a(various pagings);
_c27 cm.
440 0 _aVillage survey monographs
_nno.33
_9129145
500 _aLibrary has 2 Cops.
500 _aAt head of title Census of India, 1961
546 _aeng
650 0 _aDemography
_zIndia
_zAndhra Pradesh
650 0 _aRural population
_zIndia
_zAndhra Pradesh
650 0 _aCity dwellers
_zIndia
_zAndhra Pradesh
651 0 _aAndhra Pradesh (India)
_xCensus
_y1961
651 0 _aAndhra Pradesh (India)
_xPopulation
_xStatistics
_y1961
887 _a
901 _aI.O.D.43738
_b5/1/66 (1961) v.2 pt.6 no.33
901 _aI.O.D.43737
_b5/1/66 (1961) v.2 pt.6 no.33 Cop.2
902 _aG.P. 312 (54) In 2
906 _a1981
906 _a1982
949 _AVIRTUAITEM
_D10000
_F1
_X100
_6IOD000043738ENG
_9v.2 pt.6 no.33
_aGP 312 (54) In2(1961)v.2pt.6no.33
_m54
942 _2ddc
_cBKS
949 _AVIRTUAITEM
_D10000
_F2
_X100
_6IOD000043737ENG
_9v.2 pt.6 no.33
_aGP 312 (54) In2(1961)v.2pt.6no.33c.2
_m54
999 _aVIRTUA
_c53745
_d53745
999 _aVTLSSORT5460*9010*9011*9020*9060*9061*9490*9491*9991